[Event "MCR druzstev mladsich zaku 2016"]
[Site "Hradec Kralove"]
[Date "2016.06.12"]
[Round "3.3"]
[White "Faja (Loko Brno), Vilem"]
[Black "Gnojek (BSS F-M \"A\"), Petr"]
[Result "0-1"]
[BlackElo "1748"]
[WhiteElo "1633"]
[LiveChessVersion "1.4.8"]

1. d4 {[%clk 0:25:19]} f5 {[%clk 0:25:18]} 2. g3 {[%clk 0:25:27]} Nf6
{[%clk 0:25:26]} 3. Bg2 {[%clk 0:25:35]} g6 {[%clk 0:25:35]} 4. Nf3
{[%clk 0:25:44]} Bg7 {[%clk 0:25:44]} 5. O-O {[%clk 0:25:52]} O-O
{[%clk 0:25:52]} 6. e3 {[%clk 0:25:57]} d6 {[%clk 0:25:57]} 7. b3
{[%clk 0:26:03]} Qe8 {[%clk 0:25:17]} 8. Bb2 {[%clk 0:26:09]} Nbd7
{[%clk 0:24:34]} 9. c4 {[%clk 0:25:55]} c6 {[%clk 0:23:39]} 10. Nc3
{[%clk 0:25:58]} e5 {[%clk 0:21:49]} 11. dxe5 {[%clk 0:24:07]} dxe5
{[%clk 0:21:18]} 12. Kh1 {[%clk 0:23:10]} e4 {[%clk 0:20:42]} 13. Ng1
{[%clk 0:23:18]} Ne5 {[%clk 0:20:42]} 14. Nge2 {[%clk 0:22:45]} Be6
{[%clk 0:19:13]} 15. Nf4 {[%clk 0:20:38]} Rd8 {[%clk 0:17:33]} 16. Qc2
{[%clk 0:20:44]} g5 {[%clk 0:17:13]} 17. Nxe6 {[%clk 0:19:45]} Qxe6
{[%clk 0:17:19]} 18. Rad1 {[%clk 0:16:17]} Nd3 {[%clk 0:14:25]} 19. Ba3
{[%clk 0:15:51]} Rfe8 {[%clk 0:12:45]} 20. Rd2 {[%clk 0:15:14]} Qe5
{[%clk 0:07:18]} 21. h3 {[%clk 0:10:05]} Nh5 {[%clk 0:05:53]} 22. Nd1
{[%clk 0:09:46]} f4 {[%clk 0:04:56]} 23. g4 {[%clk 0:07:43]} fxe3
{[%clk 0:02:21]} 24. Nxe3 {[%clk 0:07:21]} Nhf4 {[%clk 0:02:04]} 25. Rfd1
{[%clk 0:05:40]} Nxg2 {[%clk 0:01:28]} 26. Nxg2 {[%clk 0:05:23]} Qf6
{[%clk 0:00:54]} 27. Kg1 {[%clk 0:05:17]} Qf3 {[%clk 0:00:57]} 28. Kh2
{[%clk 0:04:46]} Be5+ {[%clk 0:00:57]} 29. Kg1 {[%clk 0:03:53]} Qxh3 0-1

[Event "MCR druzstev mladsich zaku 2016"]
[Site "Hradec Kralove"]
[Date "2016.06.12"]
[Round "3.4"]
[White "Vantuch (BSS F-M \"A\"), Lucian"]
[Black "Khadash (Loko Brno), Samuel"]
[Result "1/2-1/2"]
[BlackElo "1548"]
[WhiteElo "1736"]
[LiveChessVersion "1.4.8"]

1. e4 {[%clk 0:25:18]} c6 {[%clk 0:24:34]} 2. d4 {[%clk 0:25:27]} d5
{[%clk 0:24:41]} 3. Nc3 {[%clk 0:25:36]} dxe4 {[%clk 0:24:42]} 4. Nxe4
{[%clk 0:25:45]} Bf5 {[%clk 0:24:50]} 5. Ng3 {[%clk 0:25:54]} Bg6
{[%clk 0:24:58]} 6. Nf3 {[%clk 0:26:03]} Nf6 {[%clk 0:24:08]} 7. h4
{[%clk 0:26:03]} h6 {[%clk 0:22:12]} 8. h5 {[%clk 0:26:12]} Bh7 {[%clk 0:22:21]}
9. Bd3 {[%clk 0:26:21]} e6 {[%clk 0:21:05]} 10. Bxh7 {[%clk 0:25:49]} Nxh7
{[%clk 0:19:48]} 11. Bf4 {[%clk 0:24:28]} Be7 {[%clk 0:18:43]} 12. Qd2
{[%clk 0:24:26]} Nd7 {[%clk 0:15:35]} 13. Ne4 {[%clk 0:23:31]} Nhf6
{[%clk 0:14:28]} 14. Nd6+ {[%clk 0:22:16]} Bxd6 {[%clk 0:14:23]} 15. Bxd6
{[%clk 0:22:13]} Ne4 {[%clk 0:13:59]} 16. Qf4 {[%clk 0:21:21]} Nxd6
{[%clk 0:12:55]} 17. Qxd6 {[%clk 0:21:28]} Nb6 {[%clk 0:12:58]} 18. Qe5
{[%clk 0:19:30]} Rg8 {[%clk 0:10:54]} 19. O-O-O {[%clk 0:19:04]} Qd5
{[%clk 0:09:59]} 20. Qxd5 {[%clk 0:18:44]} cxd5 {[%clk 0:09:37]} 21. c3
{[%clk 0:18:20]} Nc4 {[%clk 0:08:51]} 22. g4 {[%clk 0:17:13]} f6 {[%clk 0:08:14]}
23. Rde1 {[%clk 0:17:20]} Kd7 {[%clk 0:07:31]} 24. Nd2 {[%clk 0:17:17]} b5
{[%clk 0:06:36]} 25. f4 {[%clk 0:16:23]} Kd6 {[%clk 0:05:28]} 26. Nb3
{[%clk 0:15:47]} Rge8 {[%clk 0:03:44]} 27. g5 {[%clk 0:14:33]} fxg5
{[%clk 0:02:19]} 28. fxg5 {[%clk 0:14:42]} Rf8 {[%clk 0:01:56]} 29. gxh6
{[%clk 0:14:06]} gxh6 {[%clk 0:02:06]} 30. Re2 {[%clk 0:14:15]} Rae8
{[%clk 0:01:10]} 31. Rg1 {[%clk 0:12:59]} Rf6 {[%clk 0:00:32]} 32. Rg7
{[%clk 0:12:32]} Re7 {[%clk 0:00:27]} 33. Reg2 {[%clk 0:11:32]} Rxg7
{[%clk 0:00:22]} 34. Rxg7 {[%clk 0:11:41]} Rf1+ {[%clk 0:00:31]} 35. Kc2
{[%clk 0:11:36]} Rf2+ {[%clk 0:00:40]} 36. Kc1 {[%clk 0:11:46]} Rf1+
{[%clk 0:00:32]} 37. Kc2 {[%clk 0:11:47]} Rf2+ {[%clk 0:00:41]} 38. Kc1
{[%clk 0:10:14]} Rf1+ {[%clk 0:00:50]} 1/2-1/2

[Event "MCR druzstev mladsich zaku 2016"]
[Site "Hradec Kralove"]
[Date "2016.06.12"]
[Round "3.5"]
[White "Vavrinkova (Loko Brno), Anna"]
[Black "Fizerova (BSS F-M \"A\"), Lucie"]
[Result "1-0"]
[BlackElo "1496"]
[WhiteElo "1423"]
[LiveChessVersion "1.4.8"]

1. e4 {[%clk 0:25:19]} c5 {[%clk 0:25:19]} 2. Nf3 {[%clk 0:25:27]} Nc6
{[%clk 0:25:28]} 3. Bb5 {[%clk 0:25:35]} e6 {[%clk 0:25:35]} 4. O-O
{[%clk 0:25:41]} Be7 {[%clk 0:25:39]} 5. Re1 {[%clk 0:25:46]} Nf6
{[%clk 0:25:42]} 6. c3 {[%clk 0:25:51]} O-O {[%clk 0:25:45]} 7. d4
{[%clk 0:25:39]} d5 {[%clk 0:24:39]} 8. e5 {[%clk 0:24:42]} Ne4 {[%clk 0:23:41]}
9. Nbd2 {[%clk 0:23:50]} Nxd2 {[%clk 0:23:27]} 10. Bxd2 {[%clk 0:23:46]} a6
{[%clk 0:22:56]} 11. Bf1 {[%clk 0:23:20]} cxd4 {[%clk 0:22:45]} 12. cxd4
{[%clk 0:23:20]} f6 {[%clk 0:22:45]} 13. exf6 {[%clk 0:22:44]} Bxf6
{[%clk 0:22:51]} 14. Bc3 {[%clk 0:22:18]} b5 {[%clk 0:22:36]} 15. a3
{[%clk 0:22:14]} Re8 {[%clk 0:21:39]} 16. Rc1 {[%clk 0:21:14]} Bb7
{[%clk 0:21:34]} 17. h3 {[%clk 0:20:05]} Qb8 {[%clk 0:20:02]} 18. Qb3
{[%clk 0:17:21]} Nd8 {[%clk 0:16:01]} 19. Ba5 {[%clk 0:16:08]} Nc6
{[%clk 0:15:45]} 20. Bc3 {[%clk 0:16:11]} Nd8 {[%clk 0:15:42]} 21. Ba5
{[%clk 0:14:30]} Nf7 {[%clk 0:15:41]} 22. Rc7 {[%clk 0:12:44]} e5
{[%clk 0:15:26]} 23. dxe5 {[%clk 0:12:14]} Bxe5 {[%clk 0:15:30]} 24. Nxe5
{[%clk 0:11:15]} Rxe5 {[%clk 0:15:32]} 25. Rxe5 {[%clk 0:11:00]} Nxe5
{[%clk 0:15:39]} 26. Qg3 {[%clk 0:09:56]} Nf7 {[%clk 0:15:17]} 27. Bc3
{[%clk 0:09:05]} g6 {[%clk 0:14:25]} 28. Qf4 {[%clk 0:08:33]} Qf8
{[%clk 0:12:29]} 29. Qf6 {[%clk 0:06:38]} 1-0

[Event "MCR druzstev mladsich zaku 2016"]
[Site "Hradec Kralove"]
[Date "2016.06.12"]
[Round "3.6"]
[White "Fizer (BSS F-M \"A\"), Marek"]
[Black "Hladky (Loko Brno), Tadeas"]
[Result "1-0"]
[BlackElo "1292"]
[WhiteElo "1522"]
[LiveChessVersion "1.4.8"]

1. e4 {[%clk 0:25:17]} e5 {[%clk 0:25:19]} 2. Nf3 {[%clk 0:25:23]} Nc6
{[%clk 0:25:26]} 3. Bb5 {[%clk 0:25:29]} Nf6 {[%clk 0:25:29]} 4. O-O
{[%clk 0:25:24]} d6 {[%clk 0:25:04]} 5. Re1 {[%clk 0:25:09]} Be7 {[%clk 0:25:01]}
6. c3 {[%clk 0:25:05]} O-O {[%clk 0:25:02]} 7. d4 {[%clk 0:24:46]} Bg4
{[%clk 0:24:34]} 8. Bg5 {[%clk 0:20:10]} exd4 {[%clk 0:22:34]} 9. cxd4
{[%clk 0:19:35]} Bxf3 {[%clk 0:22:08]} 10. gxf3 {[%clk 0:19:40]} a6
{[%clk 0:20:16]} 11. Ba4 {[%clk 0:18:21]} Nd7 {[%clk 0:18:40]} 12. Be3
{[%clk 0:16:47]} Bf6 {[%clk 0:17:25]} 13. a3 {[%clk 0:15:20]} Qe7
{[%clk 0:16:37]} 14. Bc2 {[%clk 0:15:09]} Bg5 {[%clk 0:16:28]} 15. f4
{[%clk 0:15:11]} Bf6 {[%clk 0:15:28]} 16. Qd3 {[%clk 0:15:02]} g6
{[%clk 0:15:15]} 17. Nd2 {[%clk 0:11:57]} Bg7 {[%clk 0:14:40]} 18. Nf1
{[%clk 0:11:04]} Rad8 {[%clk 0:12:53]} 19. Ng3 {[%clk 0:10:32]} h6
{[%clk 0:12:08]} 20. f5 {[%clk 0:10:12]} Qf6 {[%clk 0:11:48]} 21. Rad1
{[%clk 0:09:37]} Rfe8 {[%clk 0:11:05]} 22. Qd2 {[%clk 0:08:58]} Kh7
{[%clk 0:10:30]} 23. fxg6+ {[%clk 0:07:44]} fxg6 {[%clk 0:10:14]} 24. f4
{[%clk 0:07:04]} Rh8 {[%clk 0:09:11]} 25. f5 {[%clk 0:06:49]} g5 {[%clk 0:08:42]}
26. Nh5 {[%clk 0:05:48]} Qf7 {[%clk 0:08:48]} 27. Nxg7 {[%clk 0:05:48]} Qxg7
{[%clk 0:08:29]} 28. e5 {[%clk 0:05:53]} Kg8 {[%clk 0:07:49]} 29. f6
{[%clk 0:05:26]} Nxf6 {[%clk 0:07:30]} 30. exf6 {[%clk 0:05:29]} Qxf6
{[%clk 0:07:39]} 31. Bb3+ {[%clk 0:05:23]} d5 {[%clk 0:07:17]} 32. Qg2
{[%clk 0:05:13]} Rh7 {[%clk 0:06:54]} 33. Bxd5+ {[%clk 0:05:16]} Kg7
{[%clk 0:06:11]} 34. Rf1 {[%clk 0:05:16]} Qd6 {[%clk 0:05:55]} 35. Ba2
{[%clk 0:03:55]} Re8 {[%clk 0:05:35]} 36. Qf2 {[%clk 0:03:48]} Kh8
{[%clk 0:05:20]} 37. d5 {[%clk 0:03:02]} Ne7 {[%clk 0:04:40]} 38. Bb1
{[%clk 0:02:42]} Ng6 {[%clk 0:04:40]} 39. Bc5 {[%clk 0:02:44]} Nf4
{[%clk 0:03:53]} 40. Bxd6 {[%clk 0:02:05]} Nh3+ {[%clk 0:04:01]} 41. Kg2
{[%clk 0:02:13]} Nxf2 {[%clk 0:04:08]} 42. Rxf2 {[%clk 0:02:17]} cxd6
{[%clk 0:04:04]} 43. Bxh7 {[%clk 0:02:24]} Kxh7 {[%clk 0:04:12]} 44. Rf7+
{[%clk 0:02:29]} Kg8 {[%clk 0:04:19]} 45. Rxb7 {[%clk 0:02:36]} Kh8
{[%clk 0:04:12]} 46. Rf1 {[%clk 0:02:24]} Re2+ {[%clk 0:04:02]} 47. Kg3
{[%clk 0:02:29]} Re3+ {[%clk 0:04:08]} 48. Kg4 {[%clk 0:02:31]} Kg8
{[%clk 0:03:44]} 49. Rc1 {[%clk 0:02:33]} Re8 {[%clk 0:03:46]} 50. Kh5
{[%clk 0:02:39]} g4 {[%clk 0:03:29]} 51. Kg6 {[%clk 0:02:48]} Kf8
{[%clk 0:03:15]} 52. Rf1+ {[%clk 0:02:50]} Kg8 {[%clk 0:03:18]} 53. Rg7+
{[%clk 0:02:56]} Kh8 {[%clk 0:03:23]} 54. Rff7 {[%clk 0:02:56]} Rd8
{[%clk 0:03:14]} 55. Rh7+ {[%clk 0:02:58]} Kg8 {[%clk 0:03:21]} 56. Rfg7+
{[%clk 0:02:54]} Kf8 {[%clk 0:03:29]} 57. Rh8# 1-0

[Event "MCR druzstev mladsich zaku 2016"]
[Site "Hradec Kralove"]
[Date "2016.06.12"]
[Round "3.7"]
[White "Stalmach (BSS F-M \"B\"), Richard"]
[Black "Petricek (SK Kurim A), Lukas"]
[Result "1-0"]
[BlackElo "1515"]
[WhiteElo "1843"]
[LiveChessVersion "1.4.8"]

1. d4 {[%clk 0:25:18]} d5 {[%clk 0:25:19]} 2. Nf3 {[%clk 0:25:26]} Nf6
{[%clk 0:25:22]} 3. c4 {[%clk 0:25:33]} c6 {[%clk 0:25:29]} 4. g3
{[%clk 0:25:32]} e6 {[%clk 0:25:26]} 5. b3 {[%clk 0:25:39]} Nbd7 {[%clk 0:25:00]}
6. Bg2 {[%clk 0:25:35]} Be7 {[%clk 0:24:57]} 7. O-O {[%clk 0:25:40]} O-O
{[%clk 0:25:03]} 8. Nc3 {[%clk 0:24:07]} b6 {[%clk 0:24:25]} 9. Qc2
{[%clk 0:23:38]} Bb7 {[%clk 0:23:53]} 10. e4 {[%clk 0:22:27]} dxe4
{[%clk 0:23:28]} 11. Nxe4 {[%clk 0:22:35]} c5 {[%clk 0:23:29]} 12. Ne5
{[%clk 0:22:15]} Nxe4 {[%clk 0:21:42]} 13. Bxe4 {[%clk 0:22:22]} Bxe4
{[%clk 0:21:29]} 14. Qxe4 {[%clk 0:22:31]} Nf6 {[%clk 0:21:32]} 15. Qd3
{[%clk 0:20:42]} Qxd4 {[%clk 0:20:47]} 16. Qxd4 {[%clk 0:20:41]} cxd4
{[%clk 0:20:53]} 17. Nc6 {[%clk 0:20:43]} Bc5 {[%clk 0:20:53]} 18. Bb2
{[%clk 0:19:17]} Ne4 {[%clk 0:20:14]} 19. Rfe1 {[%clk 0:16:58]} Nf6
{[%clk 0:16:24]} 20. Bxd4 {[%clk 0:16:17]} Bxd4 {[%clk 0:16:24]} 21. Nxd4
{[%clk 0:16:26]} Rfd8 {[%clk 0:15:56]} 22. Rad1 {[%clk 0:16:10]} Rd7
{[%clk 0:15:34]} 23. Nc6 {[%clk 0:15:19]} Kf8 {[%clk 0:13:12]} 24. Rxd7
{[%clk 0:14:02]} Nxd7 {[%clk 0:13:20]} 25. Rd1 Ke8 {[%clk 0:13:02]} 26. Kf1
{[%clk 0:12:53]} a5 {[%clk 0:12:56]} 27. Ke2 {[%clk 0:11:53]} Rc8
{[%clk 0:13:00]} 28. Rd6 {[%clk 0:11:54]} Nc5 {[%clk 0:12:59]} 29. Ne5
{[%clk 0:09:46]} f6 {[%clk 0:12:15]} 30. Nd3 {[%clk 0:09:18]} Nxd3
{[%clk 0:12:06]} 31. Kxd3 {[%clk 0:09:26]} Rd8 {[%clk 0:12:15]} 32. Rxd8+
{[%clk 0:09:35]} Kxd8 {[%clk 0:12:24]} 33. Kd4 {[%clk 0:09:26]} Kc7
{[%clk 0:12:29]} 34. c5 {[%clk 0:09:21]} Kc6 {[%clk 0:12:31]} 35. cxb6
{[%clk 0:09:28]} Kxb6 {[%clk 0:12:40]} 36. Kc4 {[%clk 0:09:22]} f5
{[%clk 0:12:22]} 37. b4 {[%clk 0:09:08]} axb4 {[%clk 0:12:20]} 38. Kxb4
{[%clk 0:09:16]} e5 {[%clk 0:12:30]} 39. Kc4 {[%clk 0:09:24]} g5 {[%clk 0:12:34]}
40. Kd5 {[%clk 0:09:29]} e4 {[%clk 0:12:42]} 41. Ke5 {[%clk 0:09:35]} 1-0

[Event "MCR druzstev mladsich zaku 2016"]
[Site "Hradec Kralove"]
[Date "2016.06.12"]
[Round "3.8"]
[White "Dvorakova (SK Kurim A), Olga"]
[Black "Nytra (BSS F-M \"B\"), Ondrej"]
[Result "1/2-1/2"]
[BlackElo "1773"]
[WhiteElo "1405"]
[LiveChessVersion "1.4.8"]

1. d4 {[%clk 0:25:17]} d5 {[%clk 0:25:19]} 2. Nf3 {[%clk 0:25:26]} Nf6
{[%clk 0:25:27]} 3. Bg5 {[%clk 0:25:33]} e6 {[%clk 0:25:32]} 4. e3
{[%clk 0:25:33]} Bd6 {[%clk 0:25:02]} 5. Bd3 {[%clk 0:25:18]} Nbd7
{[%clk 0:24:40]} 6. Nbd2 {[%clk 0:24:39]} O-O {[%clk 0:24:40]} 7. O-O
{[%clk 0:24:46]} Re8 {[%clk 0:24:20]} 8. c3 {[%clk 0:24:11]} Nf8 {[%clk 0:24:03]}
9. Ne5 {[%clk 0:22:38]} Ng6 {[%clk 0:23:02]} 10. f4 {[%clk 0:20:32]} c5
{[%clk 0:18:13]} 11. Qe2 {[%clk 0:16:50]} c4 {[%clk 0:17:22]} 12. Bc2
{[%clk 0:16:14]} b5 {[%clk 0:16:58]} 13. e4 {[%clk 0:12:23]} Be7 {[%clk 0:14:48]}
14. Nc6 Qb6 {[%clk 0:13:42]} 15. Nxe7+ {[%clk 0:10:18]} Nxe7 {[%clk 0:13:44]} 16.
Bxf6 {[%clk 0:08:52]} gxf6 {[%clk 0:13:50]} 17. Qg4+ {[%clk 0:07:47]} Kh8
{[%clk 0:13:55]} 18. Qh4 {[%clk 0:06:40]} f5 {[%clk 0:12:31]} 19. Rf3
{[%clk 0:05:01]} Ng6 {[%clk 0:11:47]} 20. Qf6+ {[%clk 0:04:28]} Kg8
{[%clk 0:11:55]} 21. e5 {[%clk 0:03:46]} b4 {[%clk 0:11:37]} 22. Rb1
{[%clk 0:02:43]} Qa5 {[%clk 0:10:45]} 23. h4 {[%clk 0:01:45]} bxc3
{[%clk 0:10:13]} 24. Rxc3 {[%clk 0:01:11]} Rb8 {[%clk 0:09:29]} 25. h5
{[%clk 0:00:25]} Rxb2 {[%clk 0:09:09]} 26. Rxb2 {[%clk 0:00:17]} Qxc3
{[%clk 0:09:17]} 27. hxg6 {[%clk 0:00:18]} fxg6 {[%clk 0:09:14]} 28. Rb8
{[%clk 0:00:15]} Qxd4+ {[%clk 0:08:49]} 29. Kh1 {[%clk 0:00:18]} Qxd2
{[%clk 0:08:34]} 30. Rxc8 {[%clk 0:00:26]} Rxc8 {[%clk 0:06:03]} 31. Qxe6+
{[%clk 0:00:32]} Kg7 {[%clk 0:05:56]} 32. Qf6+ {[%clk 0:00:16]} 1/2-1/2

[Event "MCR druzstev mladsich zaku 2016"]
[Site "Hradec Kralove"]
[Date "2016.06.12"]
[Round "3.9"]
[White "Frank (BSS F-M \"B\"), Adam"]
[Black "Tajovsky (SK Kurim A), Matej"]
[Result "0-1"]
[BlackElo "1616"]
[WhiteElo "1815"]
[LiveChessVersion "1.4.8"]

1. e4 {[%clk 0:25:18]} c5 {[%clk 0:25:18]} 2. Nf3 {[%clk 0:25:27]} Nc6
{[%clk 0:25:21]} 3. d4 {[%clk 0:25:35]} cxd4 {[%clk 0:25:25]} 4. Nxd4
{[%clk 0:25:44]} g6 {[%clk 0:25:33]} 5. Nc3 {[%clk 0:25:51]} Bg7 {[%clk 0:25:28]}
6. Be3 {[%clk 0:26:00]} Nf6 {[%clk 0:25:24]} 7. Be2 {[%clk 0:25:59]} O-O
{[%clk 0:25:07]} 8. Nb3 {[%clk 0:26:02]} b6 {[%clk 0:23:16]} 9. g4
{[%clk 0:24:24]} d6 {[%clk 0:18:12]} 10. g5 {[%clk 0:23:54]} Nd7 {[%clk 0:15:53]}
11. Qd2 {[%clk 0:23:17]} a6 {[%clk 0:13:06]} 12. O-O-O {[%clk 0:21:59]} b5
{[%clk 0:12:01]} 13. Nd4 {[%clk 0:14:36]} Nce5 {[%clk 0:09:47]} 14. f4
{[%clk 0:13:40]} Nc4 {[%clk 0:09:08]} 15. Bxc4 {[%clk 0:13:47]} bxc4
{[%clk 0:09:17]} 16. Nd5 {[%clk 0:11:46]} Bb7 {[%clk 0:07:46]} 17. h4
{[%clk 0:10:08]} Bxd5 {[%clk 0:06:20]} 18. exd5 {[%clk 0:10:15]} Qb6
{[%clk 0:05:47]} 19. c3 {[%clk 0:09:02]} Nc5 {[%clk 0:05:41]} 20. Kb1
{[%clk 0:07:21]} Qb7 {[%clk 0:04:08]} 21. Rdg1 {[%clk 0:04:40]} Ne4
{[%clk 0:03:30]} 22. Qc2 {[%clk 0:04:16]} Rab8 {[%clk 0:03:15]} 23. Rg2
{[%clk 0:04:13]} Nc5 {[%clk 0:02:54]} 24. h5 {[%clk 0:04:02]} Qxd5
{[%clk 0:01:36]} 25. Rgh2 {[%clk 0:00:56]} Nd3 {[%clk 0:01:30]} 26. Qd1
{[%clk 0:00:44]} Qe4 {[%clk 0:01:14]} 27. Ka1 {[%clk 0:00:19]} Qxe3
{[%clk 0:00:22]} 28. hxg6 {[%clk 0:00:21]} fxg6 {[%clk 0:00:17]} 29. Rxh7
{[%clk 0:00:22]} Nf2 {[%clk 0:00:20]} 30. Rxg7+ {[%clk 0:00:22]} Kxg7
{[%clk 0:00:23]} 31. Qg1 {[%clk 0:00:25]} Qd2 {[%clk 0:00:20]} 32. Ne6+
{[%clk 0:00:19]} Kf7 {[%clk 0:00:13]} 33. Rh7+ {[%clk 0:00:21]} Kxe6
{[%clk 0:00:22]} 34. Qb1 {[%clk 0:00:27]} Nd3 {[%clk 0:00:27]} 35. b3
{[%clk 0:00:29]} cxb3 {[%clk 0:00:29]} 36. axb3 {[%clk 0:00:38]} Qxc3+
{[%clk 0:00:34]} 37. Ka2 {[%clk 0:00:41]} Qa5# {[%clk 0:00:35]} 0-1

[Event "MCR druzstev mladsich zaku 2016"]
[Site "Hradec Kralove"]
[Date "2016.06.12"]
[Round "3.10"]
[White "Keprt (SK Kurim A), Tomas"]
[Black "Odstrcil (BSS F-M \"B\"), Lukas"]
[Result "1-0"]
[BlackElo "1520"]
[WhiteElo "1617"]
[LiveChessVersion "1.4.8"]

1. e4 {[%clk 0:25:15]} e6 {[%clk 0:25:16]} 2. d4 {[%clk 0:25:21]} d5
{[%clk 0:25:21]} 3. exd5 {[%clk 0:25:24]} exd5 {[%clk 0:25:26]} 4. Nf3
{[%clk 0:25:22]} Bd6 {[%clk 0:25:17]} 5. Nc3 {[%clk 0:25:10]} Nf6
{[%clk 0:25:08]} 6. Bd3 {[%clk 0:24:58]} O-O {[%clk 0:25:03]} 7. O-O
{[%clk 0:25:00]} Bg4 {[%clk 0:24:51]} 8. Be2 {[%clk 0:23:44]} Nc6
{[%clk 0:24:15]} 9. h3 {[%clk 0:22:58]} Bh5 {[%clk 0:23:54]} 10. Bg5
{[%clk 0:22:17]} Be7 {[%clk 0:22:20]} 11. Qd2 {[%clk 0:21:32]} Ne4
{[%clk 0:14:27]} 12. Nxe4 {[%clk 0:17:57]} dxe4 {[%clk 0:14:02]} 13. Bxe7 Qxe7
{[%clk 0:13:29]} 14. Ne5 {[%clk 0:15:12]} Nxe5 {[%clk 0:11:58]} 15. Bxh5
{[%clk 0:15:14]} Rfd8 {[%clk 0:10:47]} 16. c3 {[%clk 0:14:48]} Rd6
{[%clk 0:07:16]} 17. Rfe1 {[%clk 0:14:05]} Ng6 {[%clk 0:06:51]} 18. Qe3
{[%clk 0:13:15]} Re8 {[%clk 0:05:52]} 19. Bg4 {[%clk 0:12:34]} Rd5
{[%clk 0:05:36]} 20. Re2 {[%clk 0:11:14]} Qf6 {[%clk 0:04:39]} 21. Ree1
{[%clk 0:09:47]} Nf4 {[%clk 0:04:19]} 22. Bf3 {[%clk 0:08:46]} Rg5
{[%clk 0:02:20]} 23. Kf1 {[%clk 0:03:06]} Nd5 {[%clk 0:01:14]} 24. Qd3
{[%clk 0:02:45]} e3 {[%clk 0:00:27]} 25. fxe3 {[%clk 0:02:05]} 1-0

[Event "MCR druzstev mladsich zaku 2016"]
[Site "Hradec Kralove"]
[Date "2016.06.12"]
[Round "3.11"]
[White "Dudova (BSS F-M \"B\"), Pavlina"]
[Black "Tajovsky (SK Kurim A), Simon"]
[Result "0-1"]
[BlackElo "1370"]
[WhiteElo "1472"]
[LiveChessVersion "1.4.8"]

1. e4 {[%clk 0:25:18]} c5 {[%clk 0:25:16]} 2. Nf3 {[%clk 0:25:23]} Nc6
{[%clk 0:25:15]} 3. d4 {[%clk 0:25:31]} cxd4 {[%clk 0:25:19]} 4. Nxd4
{[%clk 0:25:38]} g6 {[%clk 0:25:21]} 5. Nc3 {[%clk 0:25:36]} Bg7 {[%clk 0:25:26]}
6. Be3 {[%clk 0:25:18]} Nf6 {[%clk 0:25:30]} 7. Be2 {[%clk 0:25:11]} O-O
{[%clk 0:25:32]} 8. O-O {[%clk 0:24:43]} d5 {[%clk 0:25:30]} 9. exd5
{[%clk 0:23:28]} Nxd5 {[%clk 0:25:28]} 10. Nxc6 {[%clk 0:22:25]} bxc6
{[%clk 0:25:32]} 11. Nxd5 {[%clk 0:21:18]} cxd5 {[%clk 0:25:36]} 12. c3
{[%clk 0:20:14]} e5 {[%clk 0:25:22]} 13. Qd2 {[%clk 0:16:59]} d4 {[%clk 0:25:00]}
14. cxd4 {[%clk 0:15:50]} exd4 {[%clk 0:25:00]} 15. Rad1 {[%clk 0:13:49]} Rb8
{[%clk 0:24:36]} 16. b3 {[%clk 0:13:24]} Re8 {[%clk 0:22:49]} 17. Rfe1
{[%clk 0:10:47]} Qd5 {[%clk 0:20:27]} 18. Bf3 {[%clk 0:07:00]} Qb5
{[%clk 0:16:30]} 19. Bxd4 {[%clk 0:05:15]} Rd8 {[%clk 0:15:54]} 20. Qc3
{[%clk 0:04:42]} Bxd4 {[%clk 0:12:11]} 21. Rxd4 {[%clk 0:04:31]} Rf8
{[%clk 0:12:06]} 22. Red1 {[%clk 0:03:51]} Bf5 {[%clk 0:12:08]} 23. Rd5
{[%clk 0:03:11]} Qa6 {[%clk 0:12:00]} 24. Ra5 {[%clk 0:02:14]} Qb6
{[%clk 0:11:59]} 25. Rdd5 {[%clk 0:02:02]} Rbc8 {[%clk 0:11:32]} 26. Rdc5
{[%clk 0:01:47]} Rcd8 {[%clk 0:11:12]} 27. h3 {[%clk 0:01:25]} Rd3
{[%clk 0:10:51]} 28. Qc4 {[%clk 0:01:09]} Re8 {[%clk 0:10:41]} 29. Ra6
{[%clk 0:00:47]} Re1+ {[%clk 0:10:25]} 30. Kh2 {[%clk 0:00:51]} Qb8+
{[%clk 0:10:22]} 31. Rc7 {[%clk 0:00:31]} Rd7 {[%clk 0:10:23]} 32. Rac6
{[%clk 0:00:28]} Ree7 {[%clk 0:10:27]} 33. g3 {[%clk 0:00:13]} Rxc7
{[%clk 0:10:35]} 34. Rxc7 {[%clk 0:00:21]} Rxc7 {[%clk 0:10:43]} 35. Qd5
{[%clk 0:00:12]} Qc8 {[%clk 0:10:12]} 36. Qd4 {[%clk 0:00:11]} Bxh3
{[%clk 0:10:17]} 37. Qh4 {[%clk 0:00:13]} Bf5 {[%clk 0:10:20]} 38. Qg5
{[%clk 0:00:11]} Rc2 {[%clk 0:10:15]} 39. Kg2 {[%clk 0:00:17]} Qc5 0-1

[Event "MCR druzstev mladsich zaku 2016"]
[Site "Hradec Kralove"]
[Date "2016.06.12"]
[Round "3.12"]
[White "Fikejs (SK Kurim A), Tomas"]
[Black "Vasinek (BSS F-M \"B\"), Martin"]
[Result "0-1"]
[BlackElo "1425"]
[WhiteElo "1337"]
[LiveChessVersion "1.4.8"]

1. e4 {[%clk 0:25:19]} c5 {[%clk 0:25:15]} 2. Nf3 {[%clk 0:25:28]} Nc6
{[%clk 0:25:22]} 3. d4 {[%clk 0:25:35]} cxd4 {[%clk 0:25:30]} 4. Nxd4
{[%clk 0:25:43]} g6 {[%clk 0:25:38]} 5. Nc3 {[%clk 0:25:47]} Bg7 {[%clk 0:25:46]}
6. Nxc6 {[%clk 0:25:55]} bxc6 {[%clk 0:25:54]} 7. Bd3 {[%clk 0:26:00]} Bb7
{[%clk 0:25:51]} 8. O-O Qc7 {[%clk 0:25:46]} 9. Qf3 {[%clk 0:23:52]} Nf6
{[%clk 0:25:42]} 10. Bf4 {[%clk 0:22:52]} d6 {[%clk 0:25:09]} 11. Rfe1
{[%clk 0:22:42]} c5 {[%clk 0:24:52]} 12. Qg3 {[%clk 0:22:02]} Nh5
{[%clk 0:24:33]} 13. Qg4 {[%clk 0:21:02]} Nxf4 {[%clk 0:24:18]} 14. Qxf4
{[%clk 0:21:01]} O-O {[%clk 0:24:03]} 15. Rab1 {[%clk 0:20:22]} a6
{[%clk 0:23:52]} 16. Nd5 {[%clk 0:19:51]} Bxd5 {[%clk 0:23:42]} 17. exd5
{[%clk 0:20:00]} Rfe8 {[%clk 0:23:19]} 18. Re3 {[%clk 0:16:24]} Qa7
{[%clk 0:20:10]} 19. c3 {[%clk 0:16:06]} Rab8 {[%clk 0:19:55]} 20. Bc4
{[%clk 0:14:46]} Rb7 {[%clk 0:18:24]} 21. Bb3 {[%clk 0:14:15]} Reb8
{[%clk 0:17:49]} 22. Rbe1 {[%clk 0:13:54]} a5 {[%clk 0:17:15]} 23. Re4
{[%clk 0:12:26]} Rc8 {[%clk 0:13:53]} 24. Qe3 {[%clk 0:09:08]} Rcc7
{[%clk 0:13:42]} 25. Rb1 {[%clk 0:08:03]} Qb8 {[%clk 0:10:00]} 26. Re1
{[%clk 0:05:54]} Qc8 {[%clk 0:08:06]} 27. Qe2 {[%clk 0:05:27]} Qf5
{[%clk 0:06:48]} 28. Qc4 {[%clk 0:04:00]} Qc8 {[%clk 0:03:54]} 29. Qe2
{[%clk 0:02:47]} Qa8 {[%clk 0:03:09]} 30. Ra4 {[%clk 0:02:32]} Ra7
{[%clk 0:02:49]} 31. Qb5 {[%clk 0:02:17]} Kf8 {[%clk 0:02:36]} 32. Qe2
{[%clk 0:02:09]} Qb7 {[%clk 0:02:33]} 33. Rf4 {[%clk 0:02:03]} Kg8
{[%clk 0:02:27]} 34. Qf3 {[%clk 0:02:05]} Bf6 {[%clk 0:02:18]} 35. g4 g5
{[%clk 0:01:55]} 36. Rf5 {[%clk 0:01:51]} a4 {[%clk 0:01:58]} 37. Bc4
{[%clk 0:01:27]} Qxb2 {[%clk 0:01:29]} 38. h4 {[%clk 0:01:03]} h6
{[%clk 0:01:29]} 39. hxg5 {[%clk 0:01:01]} hxg5 {[%clk 0:01:35]} 40. Qh3
{[%clk 0:00:53]} Kg7 {[%clk 0:01:36]} 41. Bd3 {[%clk 0:01:00]} Ra8
{[%clk 0:01:10]} 42. Rxf6 {[%clk 0:00:49]} Rh8 {[%clk 0:01:02]} 43. Rxf7+
{[%clk 0:00:36]} Kg8 {[%clk 0:01:02]} 44. Bh7+ {[%clk 0:00:37]} Kxf7
{[%clk 0:01:06]} 45. Qf3+ {[%clk 0:00:45]} Kg7 {[%clk 0:01:13]} 46. Bf5
{[%clk 0:00:21]} Qd2 {[%clk 0:00:52]} 47. Rd1 {[%clk 0:00:18]} Qf4
{[%clk 0:00:55]} 48. Qe2 {[%clk 0:00:14]} Qh2+ {[%clk 0:00:53]} 49. Kf1
{[%clk 0:00:22]} Qh1# 0-1